Comunidades Autónomas de España por población - Estadísticas

Estadísticas generales
  • Esta prueba ha sido intentada 46 veces
  • La puntuación promedio es 16 de 19
Estadísticas de respuestas
Hint Respuesta % Correcto
8.758.481 Andalucía
100%
8.212.548 Cataluña
95%
5.549.539 Comunidad Valenciana
95%
2.730.134 Galicia
95%
7.192.293 Madrid
95%
2.423.399 Castilla y León
92%
1.024.120 Asturias
84%
598.011 Cantabria
84%
84.330 Ceuta
84%
86.505 Melilla
84%
2.254.920 País Vasco
84%
1.261.594 Baleares
81%
2.275.462 Canarias
81%
2.162.571 Castilla -La Mancha
81%
1.055.347 Extremadura
81%
330.457 La Rioja
81%
691.190 Navarra
81%
1.385.220 Aragón
78%
1.610.999 Murcia
78%
No se encontraron pruebas coincidentes
Distribución de puntuación
Porcentaje de gente con cada puntuación
Porcentaje por número respondido
Historial de tus puntuaciones
No has intentado esta prueba.